Boletn̕ Oficial de las Islas Baleares

Detalles Bibliográficos
Autores Corporativos: Baleares (Comunidad autn̤oma). Gobierno, Baleares (Comunidad Autn̤oma)
Formato: Desconocido
Lenguaje:español
Publicado: Palma de Mallorca : Comunidad Autn̤oma de las Islas Baleares
Materias:
Acceso en línea:Acceso restringido

MARC

LEADER 00000ny a22000003n 4500
005 20110511131313.0
008 100311c19979999sp mr p s0 b0spa c
035 |a 299 
035 |a 6822 
040 |a SpMaUCMA  |d vLex 
090 |c 1671  |d 1671 
110 1 |a Baleares (Comunidad autn̤oma).  |b Gobierno 
245 1 0 |a Boletn̕ Oficial de las Islas Baleares  |h [Recurso electrn̤ico] 
246 3 |a BOIB 
256 |a Servicio en ln̕ea 
260 |a Palma de Mallorca :  |b Comunidad Autn̤oma de las Islas Baleares 
310 |a Mensual 
650 0 4 |a Derecho  |x Legislacin̤  |z Espaą  |x Publicaciones perid̤icas 
710 1 |a Baleares (Comunidad Autn̤oma) 
740 0 |a vLex Revista (Servicios en ln̕ea) 
843 |a Electrn̤ica. Abierta 
853 |8 1  |i (year)  |j (month)  |k (day) 
856 4 0 |z Acceso restringido  |u http://vlex.com/account/login_ip?fuente_id=299  
942 |c REV